000 00646nam a2200241Ia 4500
003 OSt
005 20221005035027.0
006 a|||||r|||| 00| 0
007 ta
008 221004b |||||||| |||| 00| 0 eng d
024 _a67933
037 _cTextual
040 _aCRL
_cCRL
_beng
041 _2eng
_aeng
082 _aX9W.2, N2
100 _aJagdish Prakash
_9233055
245 0 _aPraivatisation of public enterprises in India
260 _aDelhi
_bHimalaya Publishing House India
_c1992
300 _a220p.
_ccm.
650 _aECONOMICS
942 _hX9W.2, N2
_cTEXL
_2cc
999 _c944494
_d944494